Guia de analisis economico del circuito del medicamento (Registro nro. 1473)

Detalles MARC
000 -LEADER
fixed length control field 00834nam a2200253 a 4500
003 - CONTROL NUMBER IDENTIFIER
control field OSt
005 - FECHA ULTIMA MODIFICACION
control field 20130531133955.0
008 - FIXED-LENGTH DATA ELEMENTS--GENERAL INFORMATION
fixed length control field 130531s1995 sz ||||| |||| 00| 0 spa d
040 ## - CATALOGING SOURCE
Transcribing agency Biblioteca Medicina
041 ## - LANGUAGE CODE
Language code of text/sound track or separate title spa
082 ## - DEWEY DECIMAL CLASSIFICATION NUMBER
Classification number OMS 67
100 1# - MAIN ENTRY--PERSONAL NAME
Personal name Dumoulin, Jerome
9 (RLIN) 2384
245 00 - TITLE STATEMENT
Title Guia de analisis economico del circuito del medicamento
250 ## - EDITION STATEMENT
Edition statement 1° ed.
260 ## - PUBLICATION, DISTRIBUTION, ETC. (IMPRINT)
Place of publication, distribution, etc Ginebra
Name of publisher, distributor, etc Organizacion Mundial de la Salud;
-- Programa de Accion sobre Medicamentos Esenciales
Date of publication, distribution, etc 1995
300 ## - PHYSICAL DESCRIPTION
Extent 74 p.
653 ## - INDEX TERM--UNCONTROLLED
Uncontrolled term PREPARACIONES FARMACEUTICAS-ECONOMIA
653 ## - INDEX TERM--UNCONTROLLED
Uncontrolled term MEDICAMENTOS-NORMAS
653 ## - INDEX TERM--UNCONTROLLED
Uncontrolled term MEDICAMENTOS-ECONOMIA
700 1# - ADDED ENTRY--PERSONAL NAME
Personal name Kaddar, Miloud
9 (RLIN) 2385
700 1# - ADDED ENTRY--PERSONAL NAME
Personal name Velasquez, German
9 (RLIN) 2386
942 ## - ADDED ENTRY ELEMENTS (KOHA)
Source of classification or shelving scheme Dewey Decimal Classification
Koha item type Hemeroteca
Existencias
Withdrawn status Lost status Fuente de clasificación Damaged status Not for loan Colección Ubicación permanente Ubicación actual Sala de ubicación Fecha de adquisición Total Checkouts Número de clasificación Código de barras Date last seen Número de ejemplar Price effective from Koha tipo de elemento (item)
    Dewey Decimal Classification     Non-fiction Biblioteca Medicina Biblioteca Medicina Circulación 31/05/2013   OMS 67 H0012 06/11/2014 Ej. 1 31/05/2013 Hemeroteca

UNIVERSIDAD NACIONAL DEL COMAHUE
Biblioteca de la Facultad de Ciencias Médicas
Sede Toschi: Los Arrayanes y Av. Toschi, Cipolletti  - Rio Negro
Sede Los Tordos:  Yrigoyen al 2211, Cipolletti - Rio Negro 

Teléfono: 0299 - 4774707 int 25
Contacto: biblioteca@facimed.uncoma.edu.ar
© 2011 - 2026